000 00350nam a2200133Ia 4500
008 240624s9999 xx 000 0 und d
041 _aeng
082 _a658.155 SUB
100 _aSUBRAMANIAN KANNAN
245 _aPROCESS BASED APPROACH TO OPERATIONAL RI
260 _c2015
_aNew Delhi
_bTaxmann
300 _ai-14, 412 p.; 25 cm.
365 _cRS
_b30
999 _c31855
_d31855